| Поле | Инд. | ПП | Название | Значение |
|---|---|---|---|---|
| Тип записи | a | |||
| Библиографический уровень | b | |||
| 001 | Контрольный номер | RU/IS/BASE/261249069 | ||
| 005 | Дата корректировки | 20200728231602.0 | ||
| 008 | Кодируемые данные | 20080411 | ||
| 040 | b | Код языка каталог. | rus | |
| e | Правила каталог. | PSBO | ||
| 041 | 0_ | a | Код языка текста | rus |
| 084 | a | Индекс другой классификации/Индекс ББК | 74.480.28 | |
| 100 | 1_ | a | Автор | Зыков В. Н. |
| 245 | 10 | a | Заглавие | Балльно-рейтинговая система оценки знаний |
| b | Продолж. заглавия | Из опыта Российского университета дружбы народов | ||
| 650 | 04 | a | Основная рубрика | высшее образование |
| a | Основная рубрика | образование | ||
| a | Основная рубрика | профессиональное образование | ||
| 653 | 1_ | a | Ключевые слова | Европейская система перевода кредитов (ECTS) |
| a | Ключевые слова | оценка знаний | ||
| a | Ключевые слова | система кредитных зачетных единиц | ||
| a | Ключевые слова | экологическое образование | ||
| 700 | 1_ | a | Автор | Станис Е. В. |
| 700 | 1_ | a | Автор | Огородникова Е. Н. |
| 773 | 08 | t | Заглавие источника | Высшее образование сегодня |
| d | Дата издания источника | 2007 | ||
| g | Прочая информация | № 7. - С. 42 - 45 | ||
| w | Контрольный № источника | RU/IS/BASE/207400197 | ||
| 901 | t | Тип документа | b |